Statistics for Famous People Born in Vermont

Click here to take the quiz!

General Stats

  • This quiz has been taken 80 times
  • The average score is 3 of 6

Answer Stats

DescriptionFamous PersonBirth City% Correct
30th presidentCalvin CoolidgePlymouth Notch
65%
21st presidentChester A. ArthurFairfield
65%
Founder of MormonismJoseph SmithSharon
62%
Inventor of steel plowJohn DeereRutland
58%
Leave (Get Out) singerJoJoBrattleboro
31%
Voice of SiriSusan BennettBurlington
15%

Score Distribution

Percentile by Number Answered

Percent of People with Each Score

Your Score History

You have not taken this quiz